00441pab a2200157 454500008004000000100002100040245010100061260000900162300001400171362001200185650002200197650001400219650001700233650001600250773001700266180718b2010 xxu||||| |||| 00| 0 eng d aStares, Sarah L. aThe influence of Gandhi's Satyagraha philosophy on the protest methods of indigenous Australians c2010 ap.203-07. aJan-Jun aProtest movements aSatyagrah aGandhi, M.K. aNonviolence aMan in India